000 00932cam a2200265 a 4500
001 000005490
005 20200929151706.0
008 960422s1998 sp a b 001 0 spa
020 _a8437613868
040 _aDO-SdBNP
_cDLC
082 _a862.5
_bA749s, 1998
100 1 _aArniches y Barrera, Carlos,
_d1866-1943
_915569
245 1 3 _aLa señorita de Trevélez :
_b¡Que viene mi marido! /
_cCarlos Arniches ; edición, Andrés Amorós.
250 _a2a ed.
260 _aMadrid :
_bCátedra,
_c1998.
300 _a272 p. :
_bil. ;
_c18 cm.
490 1 _aLetras hispánicas
_v405
504 _aIncluye referencias bibliográficas y notas al pie de páginas.
650 4 _aTeatro español
_93071
650 4 _aLiteratura española
_xCrítica e interpretación
_ySIGLO XIX
_915087
700 1 _aAmorós, Andrés,
_eed.
_915570
830 0 _aLetras hispánicas ;
_v405
_94208
910 _aCatalogación por copia / LC
910 _aWM
999 _c5289
_d5289